| 000 | 00000nam##2200000za#4500 |
| 001 | 9.688677 |
| 003 | CaOODSP |
| 005 | 20210624231535 |
| 007 | cr ||||||||||| |
| 008 | 150407|2005||||xxc|||||o f|0| 0 eng|d |
| 040 | |aCaOODSP|beng |
| 043 | |an-cn--- |
| 086 | 1 |aE84-9/2005E-PDF |
| 110 | 1 |aCanada.|bInternational Centre for Human Rights and Democratic Development. |
| 245 | 10|aBehind closed doors : |h[electronic resource]|bhow faith-based arbitration shuts out women's rights in Canada and abroad / |c[by] Karin Baqi. |
| 260 | |aMontreal - Quebec : |bInternational Centre for Human Rights and Democratic Development |c2005. |
| 300 | |a8p.|breferences |
| 590 | |a06-10-Supp|b2006-12-15 |
| 690 | 07|aArbitration|2gcpds |
| 690 | 07|aFamily law|2gcpds |
| 690 | 07|aHuman rights|2gcpds |
| 690 | 07|aReligion|2gcpds |
| 690 | 07|aWomen|2gcpds |
| 720 | 1 |aBaqi, Karin |
| 775 | 08|tLa justice à huis clos : |w(CaOODSP)9.633096 |
| 856 | 40|ahttp://publications.gc.ca|qPDF|s1488 KB|uhttps://publications.gc.ca/collections/Collection/E84-9-2005E.pdf |